01112nam a22002537a 4500003000400000005001700004008004100021020001800062040001400080041000800094082001200102100002600114245003000140264005400170300007300224521027800297650002300575650002400598650002900622700003100651942001500682999001700697952014400714OSt20260216142801.0260216b ||||| |||| 00| 0 spa d a9788419910356 cCO-Mq BPB aspa aAbSOOc aSook Hee, Choieautor aEl Color de mis Emociones aBarcelona, España;bPenguin Random House,c2024 a36 páginas sin enumerar;bTapa dura, ilustraciones a color,c31 cm a«Mis emociones son un mar de colores que suben y bajan y cambian sin parar. A veces son de un rojo encendido o de un azul tranquilo; otras. de un amarillo emocionante o de un verde vivo... Todas ellas me hacen ser quien soy. ¿De qué color son tus emociones hoy?» aLibros ilustrados  aLiteratura infantil aEmociones y sentimientos aBares, Milena;eTraductora 2ddccBKLIT c16105d16105 00102ddc40708LIaBPMOSbBPMOScFICd2026-02-16eCompra 2025iNTl0oA SOOcpMOS504590r2026-02-16tEj.1w2026-02-16yBKLITzQuince dias